Music Quiz

Random Music or Song Quiz
Score 0/32 Timer 08:00
2 Plays Today
% Correct
by
86.3%
guy
86%
try
85.5%
sky
85.1%
rye
84.9%
high
84.7%
shy
84%
fly
83.5%
why
83.4%
hi
83.3%
Thai
82.4%
my
81.8%
pry
80.7%
sty
79.3%
dye
78.6%
dry
76.7%
% Correct
cry
76.5%
tie
75.9%
thigh
75.2%
ply
74.1%
buy
73.5%
nigh
73.1%
fry
72.5%
die
72.4%
thy
71.9%
spy
70.2%
sly
68.6%
pie
64.7%
I
63.1%
aye
60.2%
lie
59.6%
sigh
43.3%
Remove Ads.
Support Sporcle.
Get the best of Sporcle when you Go Orange. This ad-free experience offers more features, more stats, and more fun while also helping to support Sporcle. Thank you for becoming a member.

You're not logged in!

Compare scores with friends on all Sporcle quizzes.
OR
Log In

Show Comments

Extras

Top Quizzes Today


Score Distribution

Your Account Isn't Verified!

In order to create a playlist on Sporcle, you need to verify the email address you used during registration. Go to your Sporcle Settings to finish the process.

Report this User

Report this user for behavior that violates our Community Guidelines.

Details: